00359nam a2200145Ia 4500008004100000020001700041041000800058082001700066100001800083245003700101260003300138300000800171365001600179700001800195230718s9999 xx 000 0 und d a978818495207 aeng a658.404bCHA aChatterjee D. aOther 99% bYou Can Dare To Lead c2011bJaico Publishing House a158 cRs.b195.00 aChatterjee D.